Language Quiz

Random Language or Letter Quiz

'G' in the Middle Quiz Stats

 Plays Quiz Updated Nov 13, 2016

Also try: 'Y' in the Middle
Challenge
Share
Tweet
Embed
Score 0/24 Timer 05:00
2 Plays Today
Clue _ _ G _ _ % Correct
Havana productcigar
86.6%
Finger or toedigit
85.7%
Two under pareagle
83.7%
Human herbivorevegan
83.3%
Sport with a scrumrugby
78.1%
Molten rockmagma
77.8%
Israeli Prime Minister or startBegin
77.6%
One over parbogey
77.5%
Sweet stuffsugar
77.3%
Fight verballyargue
77.1%
Prejudiced personbigot
75.9%
Black pool balleight
70.6%
Clue _ _ G _ _ % Correct
Breakfast order with loxbagel
70.5%
Inert gasargon
67.5%
Method of good reasoninglogic
63.3%
Majesticregal
61.2%
West African nationNiger
58.6%
Greek letter and calculus symbolsigma
56.8%
Tycoon or skier's moundmogul
55.6%
Keyboard instrumentorgan
55.5%
Tiny tribesmanpygmy
54.9%
NBA team or famous LakerMagic
50.7%
Prescribed doctrinedogma
47.8%
French impressionist painterDegas
45.6%

You're not logged in!

Compare scores with friends on all Sporcle quizzes.
OR
Log In

You Might Also Like...

Show Comments

Extras

Top Quizzes Today


Score Distribution

Your Account Isn't Verified!

In order to create a playlist on Sporcle, you need to verify the email address you used during registration. Go to your Sporcle Settings to finish the process.

Report this User

Report this user for behavior that violates our Community Guidelines.

Details: